[Event "Bayern Regionalliga Southeast 1999/00"]
[Site "masterchessopen.com Germany"]
[Round "1"]
[White "Koenig Bernhard (GER)"]
[Black "Richter Martin"]
[Result "1-0"]
[WhiteElo "2180"]
[BlackElo "2140"]

1.e4 e5 2.Nf3 Nc6 3.Bb5 a6 4.Ba4 Nf6 5.O-O Be7 6.Re1 b5 7.Bb3 d6 8.c3 O-O 9.h3
Nb8 10.d4 Nbd7 11.c4 Bb7 12.Nc3 b4 13.Nd5 c6 14.Nxb4 d5 15.Nxc6 Bxc6 16.cxd5
Bb7 17.dxe5 Bb4 18.Re2 Ne8 19.a3 Bc5 20.e6 Ndf6 21.Ng5 Nc7 22.Nxf7 Qe8 23.Bg5
Qb5 24.Rc1 a5 25.Bxf6 gxf6 26.Rec2 Nxe6 27.dxe6 Rfc8 28.Bd5 {#r} 1-0

[Event "Verbandsliga South 2000/01"]
[Site "masterchessopen.com Germany"]
[Round "3"]
[White "Merklinger Markus (GER)"]
[Black "Kurz Ralf (GER)"]
[Result "0-1"]
[WhiteElo "2127"]
[BlackElo "2088"]

1.e4 e5 2.Nf3 Nc6 3.Bb5 a6 4.Ba4 Nf6 5.O-O Be7 6.Re1 b5 7.Bb3 d6 8.h3 O-O 9.c3
Nb8 10.d4 Nbd7 11.Nbd2 Bb7 12.a4 c5 13.Qe2 c4 14.Bc2 g6 15.Nf1 Nh5 16.Bh6 Re8
17.Rad1 Qc7 18.Qd2 Rad8 19.Ne3 Ndf6 20.d5 Ra8 21.g4 Ng7 22.Nf1 Nd7 23.Ng3 Nc5
24.Ra1 Reb8 25.Bg5 Bc8 26.axb5 Rxb5 27.Bxe7 Qxe7 28.Ba4 Rb6 29.Qh6 f6 30.Nd2
Nd3 31.Nxc4 Rbb8 32.Reb1 Qc7 33.Bc6 Nf4 34.Bxa8 Qxc4 35.Bc6 Qd3 36.Nh1 Qf3
37.Qxf4 exf4 38.Kh2 h5 {#R} 0-1

[Event "It (open)"]
[Site "masterchessopen.com Mehlingen (Germany)"]
[Round "2"]
[White "Voropaev Gleb (GER)"]
[Black "Herzhauser Hans-Peter (GER)"]
[Result "1-0"]
[WhiteElo "2294"]
[BlackElo "2169"]

1.e4 e5 2.Nf3 Nc6 3.Bb5 a6 4.Ba4 Nf6 5.O-O Be7 6.Re1 b5 7.Bb3 d6 8.c3 O-O 9.h3
Nb8 10.d4 Nbd7 11.Nbd2 c5 12.Nf1 Kh8 13.Ng3 c4 14.Bc2 g6 15.a4 Rb8 16.axb5
axb5 17.b4 Nh5 18.Nxh5 gxh5 19.dxe5 dxe5 20.Nh2 Rg8 21.Qxh5 Rg6 22.Qf3 Qg8
23.Ng4 Qg7 24.Ne3 Nf8 25.Nf5 Qf6 26.Rd1 Ne6 27.Ra7 Ng5 28.Bxg5 Rxg5 29.Rxe7
Bxf5 30.Red7 Rbg8 31.exf5 e4 32.Bxe4 Rxg2+ 33.Qxg2 Rxg2+ 34.Kxg2 Kg7 35.Bd5
Qxc3 36.Rxf7+ Kh6 37.h4 Qe5 38.Bf3 {#r} 1-0

[Event "It (d)"]
[Site "masterchessopen.com Paretana (Spain)"]
[Round "5"]
[White "Fluvia Frigola Joan (ESP)"]
[Black "Delgado Lidio (BRA)"]
[Result "1-0"]
[WhiteElo "2184"]
[BlackElo "2299"]

1.e4 e5 2.Nf3 Nc6 3.Bb5 a6 4.Ba4 Nf6 5.O-O Be7 6.Re1 b5 7.Bb3 d6 8.c3 O-O 9.h3
Nb8 10.d4 Nbd7 11.Nbd2 Re8 12.Bxf7+ Kh8 13.Bxe8 Qxe8 14.Nf1 Bb7 15.Ng3 c5
16.d5 c4 17.Be3 Rc8 18.Ng5 h6 19.Ne6 Nf8 20.Nxf8 Bxf8 21.a4 Nd7 22.axb5 axb5
23.Ra7 Ba8 24.Nf5 Nf6 25.Qf3 Qd8 26.Rea1 Rb8 27.R1a6 {#r} 1-0

[Event "Ch Rheinhessen (MT2)"]
[Site "masterchessopen.com Rheinhausen (Germany)"]
[Round "7"]
[White "Haller Olaf"]
[Black "Luig Benjamin"]
[Result "0-1"]
[WhiteElo "1594"]
[BlackElo "1473"]

1.e4 e5 2.Nf3 Nc6 3.Bb5 a6 4.Ba4 Nf6 5.O-O b5 6.Bb3 Be7 7.Re1 d6 8.c3 O-O 9.h3
Nb8 10.d4 Nbd7 11.Nbd2 Bb7 12.Bc2 Re8 13.Nf1 Bf8 14.Ng3 g6 15.Bg5 h6 16.Bd2
Bg7 17.Re2 d5 18.dxe5 Nxe5 19.Nxe5 Rxe5 20.Bf4 Re7 21.e5 Ne8 22.e6 fxe6
23.Bxg6 e5 24.Qe1 e4 25.Rd1 Nd6 26.Bxd6 cxd6 27.f3 Be5 28.Nf5 Re6 29.Nh4 Qg5
30.Bf5 Rf6 31.Bg4 h5 32.Nf5 hxg4 33.hxg4 Rxf5 34.gxf5 Bg3 35.Qd2 Qh4 36.Re3
Qh2+ 37.Kf1 Qh1+ {#R} 0-1

[Event "It (open) (b)"]
[Site "masterchessopen.com Zwolle (Netherlands)"]
[Round "5"]
[White "Graus P"]
[Black "Fluttert L"]
[Result "1-0"]
[WhiteElo "1635"]
[BlackElo "1643"]

1.e4 e5 2.Nf3 Nc6 3.Bb5 a6 4.Ba4 Nf6 5.O-O Be7 6.Re1 b5 7.Bb3 d6 8.h3 O-O 9.c3
Nb8 10.d4 Nbd7 11.Nbd2 Bb7 12.Bc2 c5 13.Nf1 Re8 14.Ng3 Bf8 15.Be3 g6 16.Qd2
Bg7 17.Rac1 Rc8 18.Bg5 Qc7 19.d5 Nb6 20.b3 c4 21.b4 Nbd7 22.Bh6 a5 23.a3 Ra8
24.Ra1 Nb6 25.Qg5 Bc8 26.Bxg7 Kxg7 27.Nh4 Ng8 28.Nhf5+ Bxf5 29.exf5 Qe7 30.f6+
{#r} 1-0

[Event "Memorial Godal (open)"]
[Site "masterchessopen.com Fuzesabony (Hungary)"]
[Date "2000.08.20"]
[Round "9"]
[White "Varga Csaba (HUN)"]
[Black "Bujdoso Bela (HUN)"]
[Result "1-0"]
[WhiteElo "2386"]
[BlackElo "2067"]

1.e4 e5 2.Nf3 Nc6 3.Bb5 a6 4.Ba4 Nf6 5.O-O Be7 6.Re1 b5 7.Bb3 d6 8.c3 O-O 9.h3
Nb8 10.d4 Nbd7 11.Nbd2 c5 12.Nf1 Ne8 13.Ne3 g6 14.Nd5 Ng7 15.Nxe7+ Qxe7 16.Bg5
Qe8 17.dxc5 Nxc5 18.Qxd6 Nxb3 19.axb3 f6 20.Bxf6 {#r} 1-0

[Event "Tournament (weekend) (a)"]
[Site "masterchessopen.com Castelfidardo (Italy)"]
[Date "2000.11.26"]
[Round "3"]
[White "Mircoli Filippo (ITA)"]
[Black "Rinaudo Sergio (ITA)"]
[Result "0-1"]
[WhiteElo "1747"]
[BlackElo "2142"]

1.e4 e5 2.Nf3 Nc6 3.Bb5 a6 4.Ba4 Nf6 5.O-O b5 6.Bb3 Be7 7.Re1 d6 8.h3 O-O 9.c3
Nb8 10.d4 Nbd7 11.Bc2 h6 12.Nbd2 Bb7 13.Nf1 Re8 14.Ng3 Bf8 15.d5 c6 16.a4 cxd5
17.axb5 axb5 18.Rxa8 Qxa8 19.Nf5 dxe4 20.N3h4 d5 21.Re3 Kh7 22.Ng3 g6 23.f3
Bc5 24.fxe4 dxe4 25.Kh2 Bxe3 26.Bxe3 Qd8 27.Qc1 Ng4+ {#R} 0-1

[Event "Ch World (juniors) (under 20)"]
[Site "masterchessopen.com Athens (Greece)"]
[Round "13"]
[White "Navara David (CZE)"]
[Black "Roiz Michael (ISR)"]
[Result "0-1"]
[WhiteElo "2499"]
[BlackElo "2514"]

1.e4 e5 2.Nf3 Nc6 3.Bb5 a6 4.Ba4 Nf6 5.O-O Be7 6.Re1 b5 7.Bb3 O-O 8.h3 d6 9.c3
Nb8 10.d4 Nbd7 11.Nbd2 Bb7 12.Bc2 Re8 13.Nf1 Bf8 14.Ng3 g6 15.a4 c6 16.Bg5 h6
17.Be3 Qc7 18.Qd2 Kh7 19.Bb3 Re7 20.Nh2 exd4 21.Bxd4 c5 22.Be3 Rae8 23.axb5
axb5 24.Ng4 Nxg4 25.hxg4 Ne5 26.f3 d5 27.Bf4 c4 28.Bc2 Rd7 29.exd5 Rxd5 30.Qf2
Bc5 31.Be3 Nxf3+ 32.Qxf3 Rd3 33.Bxc5 Rxe1+ 34.Rxe1 Rxf3 {#R} 0-1

[Event "Match (blitz)"]
[Site "masterchessopen.com Berlin (Germany)"]
[Round "1"]
[White "Shirov Alexei (ESP)"]
[Black "Sasikiran Krishnan (IND)"]
[Result "1-0"]
[WhiteElo "2706"]
[BlackElo "2569"]

1.e4 e5 2.Nf3 Nc6 3.Bb5 a6 4.Ba4 Nf6 5.O-O Be7 6.Re1 b5 7.Bb3 d6 8.c3 O-O 9.h3
Nb8 10.d4 Nbd7 11.Nbd2 Bb7 12.Bc2 Re8 13.Nf1 Bf8 14.Ng3 c5 15.d5 c4 16.a4 Qc7
17.Bg5 Reb8 18.Qd2 Bc8 19.Nf5 Ne8 20.Be7 Nc5 21.Bxf8 Kxf8 22.Ng3 Bd7 23.a5 f6
24.Nh4 Rb7 25.Rf1 Rab8 26.f4 b4 27.fxe5 dxe5 28.Rf3 bxc3 29.bxc3 Kg8 30.Raf1
Rb2 31.Qc1 Ra2 32.Nh5 Qd6 33.Rg3 Kh8 34.Nxg7 Nxg7 35.Qh6 {#r} 1-0

[Event "It (open)"]
[Site "masterchessopen.com Cappelle la Grande (France)"]
[Round "7"]
[White "Degraeve Jean-Marc (FRA)"]
[Black "Galdunts Sergey (ARM)"]
[Result "1-0"]
[WhiteElo "2588"]
[BlackElo "2514"]

1.e4 e5 2.Nf3 Nc6 3.Bb5 a6 4.Ba4 Nf6 5.O-O Be7 6.Re1 b5 7.Bb3 d6 8.c3 O-O 9.h3
Nb8 10.d4 Nbd7 11.Nbd2 Re8 {#r} 1-0

[Event "Extra League 2001/02"]
[Site "masterchessopen.com Czech Republic"]
[Round "0"]
[White "Jansa Vlastimil (CZE)"]
[Black "Smejkal Jan (CZE)"]
[Result "1-0"]
[WhiteElo "2490"]
[BlackElo "2509"]

1.e4 e5 2.Nf3 Nc6 3.Bb5 a6 4.Ba4 Nf6 5.O-O Be7 6.Re1 b5 7.Bb3 d6 8.c3 O-O 9.h3
Nb8 10.d4 Nbd7 11.Nbd2 Bb7 12.Bc2 Re8 13.Nf1 Bf8 14.Ng3 g6 15.a4 Bg7 16.Bd3 c6
17.Bg5 Qc7 18.Qd2 Nf8 19.Bf1 Ne6 20.Be3 Rad8 21.Qc2 Nd7 22.Red1 Qb8 23.Rd2
exd4 24.cxd4 b4 25.a5 c5 26.d5 Nef8 27.Bc4 Qc7 28.Qd3 Ra8 29.Bf4 Bc8 30.Re2
Ra7 31.Qb3 f6 32.Qa4 Re7 33.Bxd6 Qxd6 34.Qc6 Qxc6 35.dxc6+ {#r} 1-0

[Event "Ch England (team) 2000/01 (2 div)"]
[Site "masterchessopen.com England"]
[Round "8"]
[White "Hunt Adam (ENG)"]
[Black "Toothill John (ENG)"]
[Result "1-0"]
[WhiteElo "2356"]
[BlackElo "2192"]

1.e4 e5 2.Nf3 Nc6 3.Bb5 a6 4.Ba4 Nf6 5.O-O Be7 6.Re1 b5 7.Bb3 d6 8.c3 O-O 9.h3
Nb8 10.d4 Nbd7 11.a4 Bb7 12.Bc2 Re8 13.Bd3 Bf8 14.Nbd2 c6 15.Nf1 Qc7 16.g4
Rad8 17.Ng3 d5 18.Bg5 h6 19.dxe5 hxg5 20.exf6 dxe4 21.Nxe4 Nc5 22.Nxc5 Rxe1+
23.Nxe1 Bxc5 24.Qf3 g6 25.Ng2 Ba7 26.Re1 c5 27.Be4 Bxe4 28.Rxe4 Bb8 29.Ne3
Qh2+ 30.Kf1 Rd2 31.Re8+ Kh7 32.Rf8 Rxb2 33.Rxf7+ Kh6 34.Rd7 Qf4 35.Qxf4 gxf4
36.Nd1 Rb1 37.g5+ {#r} 1-0

[Event "Ch France (team) (3rd division) 2000/01"]
[Site "masterchessopen.com France"]
[Round "8"]
[White "Koulitchenko Alexandre (FRA)"]
[Black "Le Horgne Erwan (FRA)"]
[Result "1-0"]
[WhiteElo "2170"]
[BlackElo "2067"]

1.e4 e5 2.Nf3 Nc6 3.Bb5 a6 4.Ba4 Nf6 5.O-O Be7 6.Re1 b5 7.Bb3 O-O 8.c3 d6 9.h3
Nb8 10.d4 Nbd7 11.a4 Bb7 12.Nbd2 Re8 13.Ng5 Rf8 14.Bc2 Re8 15.Nf1 Bf8 16.Ng3
g6 17.Bd3 bxa4 18.Rxa4 Nb6 19.Ra1 d5 20.dxe5 dxe4 21.e6 fxe6 22.N5xe4 Nfd5
23.Qg4 Nf6 24.Nxf6+ Qxf6 25.Ne4 Qd8 26.Bc2 Bd5 27.Bg5 Be7 28.Bf4 Nd7 29.Rad1
Kg7 30.b3 Bxe4 31.Bxe4 Rb8 32.Bc6 Bd6 33.Bxd6 cxd6 34.Rxd6 {#r} 1-0

[Event "It (cat.2) (a)"]
[Site "masterchessopen.com Gausdal (Norway)"]
[Round "1"]
[White "Hitzgerova Gabriela (CZE)"]
[Black "Caoili Arianne (AUS)"]
[Result "1-0"]
[WhiteElo "2160"]
[BlackElo "2257"]

1.e4 e5 2.Nf3 Nc6 3.Bb5 a6 4.Ba4 Nf6 5.O-O Be7 6.Re1 b5 7.Bb3 d6 8.c3 O-O 9.h3
Nb8 10.d4 Nbd7 11.Nbd2 Bb7 12.Bc2 Re8 13.Nf1 Bf8 14.Ng3 g6 15.b3 d5 16.Nxe5
Nxe4 17.Nxe4 dxe4 18.Bf4 f6 19.Ng4 h5 20.Ne3 f5 21.b4 Qf6 22.Bb3+ Kg7 23.Qd2
c6 24.Rad1 g5 25.Be5 Rxe5 26.dxe5 Nxe5 27.Qd4 Be7 28.Qb6 Bc8 29.Qc7 Nd3
30.Rxd3 exd3 31.Ng4 hxg4 32.Rxe7+ Kg6 33.Rf7 Qh8 34.Qd6+ Kh5 35.hxg4+ fxg4
36.Qh2+ Kg6 37.Qxh8 Bf5 38.Qg7+ {#r} 1-0

[Event "It (open)"]
[Site "masterchessopen.com Genoa (Italy)"]
[Round "7"]
[White "Mrdja Milan (CRO)"]
[Black "Caoili Arianne (AUS)"]
[Result "1-0"]
[WhiteElo "2380"]
[BlackElo "2257"]

1.e4 e5 2.Nf3 Nc6 3.Bb5 a6 4.Ba4 Nf6 5.O-O Be7 6.Re1 b5 7.Bb3 d6 8.c3 O-O 9.h3
Nb8 10.d4 Nbd7 11.Nbd2 Bb7 12.Bc2 Re8 13.Nf1 Bf8 14.Ng3 g6 15.a4 Bg7 16.Bd3 c6
17.Bg5 h6 18.Be3 Qc7 19.Rc1 Nb6 20.a5 Nbd7 21.Qd2 Kh7 22.c4 exd4 23.Bxd4 c5
24.cxb5 axb5 25.Bxb5 Rxa5 26.Bxf6 Rxb5 27.Bxg7 Kxg7 28.Nd4 Qa5 29.Ndf5+ gxf5
30.Nxf5+ {#r} 1-0

[Event "It (open)"]
[Site "masterchessopen.com Kiel (Germany)"]
[Round "8"]
[White "Schinkowski Christoph (GER)"]
[Black "Goetz Claus (GER)"]
[Result "1-0"]
[WhiteElo "2154"]
[BlackElo "1913"]

1.e4 e5 2.Nf3 Nc6 3.Bb5 a6 4.Ba4 b5 5.Bb3 Nf6 6.O-O Be7 7.Re1 d6 8.c3 O-O 9.h3
Nb8 10.d4 Nbd7 11.Nbd2 Bb7 12.a4 Re8 13.Qe2 Bf8 14.axb5 axb5 15.Rxa8 Qxa8
16.Qxb5 Rb8 17.Qd3 exd4 18.cxd4 Nxe4 19.Nxe4 Bxe4 20.Bxf7+ Kxf7 21.Ng5+ Kg8
22.Rxe4 Qa1 23.Qc4+ {#r} 1-0

[Event "Ch Europe (team)"]
[Site "masterchessopen.com Leon (Spain)"]
[Round "6"]
[White "Dervishi Erald (ALB)"]
[Black "Cobb James (WLS)"]
[Result "1-0"]
[WhiteElo "2501"]
[BlackElo "2335"]

1.e4 e5 2.Nf3 Nc6 3.Bb5 a6 4.Ba4 Nf6 5.O-O Be7 6.Re1 b5 7.Bb3 O-O 8.c3 d6 9.h3
Nb8 10.d4 Nbd7 11.Nbd2 Bb7 12.Bc2 Re8 13.a4 Bf8 14.Bd3 c6 15.b4 Nb6 16.a5 Nbd7
17.Bb2 g6 18.Qb3 Bg7 19.Rac1 Nh5 20.Bf1 Nf4 21.c4 exd4 22.Nxd4 c5 23.N4f3 Bxb2
24.Qxb2 cxb4 25.g3 Nh5 26.cxb5 axb5 27.Bxb5 Rxa5 28.Qxb4 Qb6 29.Rb1 Re7 30.Nc4
{#r} 1-0

[Event "Ch Italy (1/2 final)"]
[Site "masterchessopen.com Limone Piemonte (Italy)"]
[Round "5"]
[White "Genocchio Daniele (ITA)"]
[Black "Sbarra Marco (ITA)"]
[Result "1-0"]
[WhiteElo "2328"]
[BlackElo "2246"]

1.e4 e5 2.Nf3 Nc6 3.Bb5 a6 4.Ba4 Nf6 5.O-O b5 6.Bb3 Be7 7.Re1 O-O 8.c3 d6 9.h3
Nb8 10.d4 Nbd7 11.Nbd2 c5 12.Nf1 Re8 13.Bc2 Bf8 14.dxe5 dxe5 15.Ne3 Bb7 16.Nf5
Qc7 17.Qd2 h6 18.g4 Nh7 19.g5 hxg5 20.Nxg5 Nxg5 21.Qxg5 Re6 22.Kh2 Rae8 23.h4
Rg6 24.Qe3 Nf6 25.Qf3 Qc6 26.Bg5 c4 27.Rad1 Bc5 28.b3 cxb3 29.Bxb3 Qb6 30.Rd7
Rf8 31.Bxf6 gxf6 32.Rg1 Rxg1 33.Kxg1 Bxf2+ 34.Qxf2 Qxf2+ 35.Kxf2 Bxe4 36.Bxf7+
Kh8 37.Bg6 Bxf5 38.Bxf5 Rc8 {#r} 1-0

[Event "It (open)"]
[Site "masterchessopen.com Polanica Zdroj (Poland)"]
[Round "6"]
[White "Mazurkiewicz Michal (POL)"]
[Black "Barglowski Filip (POL)"]
[Result "0-1"]
[WhiteElo "2212"]
[BlackElo "2272"]

1.e4 e5 2.Nf3 Nc6 3.Bb5 a6 4.Ba4 Nf6 5.O-O Be7 6.Re1 b5 7.Bb3 d6 8.c3 O-O 9.h3
Nb8 10.d4 Nbd7 11.Nbd2 Bb7 12.d5 c6 13.dxc6 Bxc6 14.Bc2 Nc5 15.b4 Ne6 16.Rb1
Qc7 17.c4 Rfd8 18.cxb5 axb5 19.Bb3 Nf4 20.Ng5 d5 21.a3 h6 22.exd5 N6xd5
23.Nge4 Kh8 24.Qc2 f5 25.Ng3 Nxg2 26.Bb2 Nxe1 27.Rxe1 Bf6 28.Nxf5 Nf4 29.Kh2
Nd3 {#R} 0-1

[Event "Ch Morocco"]
[Site "masterchessopen.com Rabat (Morocco)"]
[Round "8"]
[White "Chorfi Khaled (MAR)"]
[Black "Kamous ALi (MAR)"]
[Result "1-0"]
[WhiteElo "2199"]
[BlackElo "2297"]

1.e4 e5 2.Nf3 Nc6 3.Bb5 a6 4.Ba4 Nf6 5.O-O Be7 6.Re1 b5 7.Bb3 O-O 8.c3 d6 9.h3
Nb8 10.d4 Nbd7 11.Nbd2 Bb7 12.Bc2 c5 13.dxe5 dxe5 14.Nf1 Re8 15.Ng3 g6 16.Bh6
Bf8 17.Qc1 Qe7 18.Bg5 Bg7 19.Nh4 c4 20.b4 Qf8 21.a4 a5 22.bxa5 b4 23.cxb4 Qxb4
24.Rb1 {#r} 1-0

[Event "Ch Spain (juniors) (under 10)"]
[Site "masterchessopen.com San Antonio de Padua (Argentina)"]
[Round "4"]
[White "Barrionuevo Pablo (ARG)"]
[Black "Klobouk Abel (ARG)"]
[Result "1-0"]
[WhiteElo "2196"]
[BlackElo "2034"]

1.e4 e5 2.Nf3 Nc6 3.Bb5 a6 4.Ba4 Nf6 5.O-O Be7 6.Re1 b5 7.Bb3 d6 8.c3 O-O 9.h3
Nb8 10.d4 Nbd7 11.Nbd2 c5 12.a4 Bb7 13.d5 Ne8 14.Bc2 f5 15.exf5 Bxd5 16.Ne4
Ndf6 17.Nfg5 Qc8 18.axb5 axb5 19.Rxa8 Qxa8 20.Nxf6+ Nxf6 21.Ne6 Bxg2 22.Kh2
Bf3 23.Qd3 c4 24.Qe3 Rc8 25.Rg1 Bf8 26.Qh6 Ng4+ 27.Rxg4 Bxg4 28.Qg5 Qf3
29.Qxg4 Qxf2+ 30.Qg2 Qxg2+ 31.Kxg2 Be7 {#r} 1-0

[Event "Cup Russia (w)"]
[Site "masterchessopen.com Serpukhov (Russia)"]
[Round "4"]
[White "Grunina Nina (RUS)"]
[Black "Fomkina Maria (RUS)"]
[Result "1-0"]
[WhiteElo "2069"]
[BlackElo "2117"]

1.e4 e5 2.Nf3 Nc6 3.Bb5 a6 4.Ba4 Nf6 5.O-O Be7 6.Re1 b5 7.Bb3 d6 8.c3 O-O 9.h3
Nb8 10.d4 Nbd7 11.Nbd2 c5 12.a4 Bb7 13.Bc2 Qc7 14.b3 cxd4 15.cxd4 Rfc8 16.Bb1
bxa4 17.Rxa4 Nb8 18.Ra2 Nfd7 19.Bb2 Bf6 20.Nf1 a5 21.Ne3 exd4 22.Ng4 Be5
23.Nxd4 Re8 24.Nf5 h5 25.Nxe5 dxe5 26.Qxh5 Re6 27.Ba3 Nc5 28.Rc2 Nbd7 29.Qg4
g6 30.Rec1 Kf8 31.Rxc5 {#r} 1-0

[Event "It (open)"]
[Site "masterchessopen.com Villa Ballester (Argentina)"]
[Round "4"]
[White "Jimenez Joaquin (ARG)"]
[Black "Slipak Sergio (ARG)"]
[Result "0-1"]
[WhiteElo "2235"]
[BlackElo "2493"]

1.e4 e5 2.Nf3 Nc6 3.Bb5 a6 4.Ba4 Nf6 5.O-O Be7 6.Re1 b5 7.Bb3 d6 8.c3 O-O 9.h3
Nb8 10.d4 Nbd7 11.Nbd2 Bb7 12.Bc2 c5 13.d5 g6 14.Nf1 Nh5 15.g4 Nf4 16.Bxf4
exf4 17.Qd2 Bg5 18.h4 Bxh4 19.Qxf4 Bf6 20.Kg2 Ne5 21.Ng3 Nxf3 22.Qxf3 Be5
23.Rh1 Qg5 24.Rae1 Rae8 25.Rh2 Bc8 26.Bd1 f5 27.gxf5 Bxf5 28.Qd3 c4 29.Qc2 h5
30.Kh1 Bxg3 31.fxg3 Qxg3 32.Rg1 Bxe4+ 33.Qxe4 Qxg1+ {#R} 0-1

[Event "It (open)"]
[Site "masterchessopen.com Bled (Slovenia)"]
[Round "1"]
[White "Guidarelli Laurent (FRA)"]
[Black "Gyimesi Zoltan (HUN)"]
[Result "0-1"]
[WhiteElo "2409"]
[BlackElo "2585"]

1.e4 e5 2.Nf3 Nc6 3.Bb5 a6 4.Ba4 Nf6 5.O-O Be7 6.Re1 b5 7.Bb3 d6 8.c3 O-O 9.h3
Nb8 10.d4 Nbd7 11.Nbd2 Bb7 12.Bc2 Re8 13.Nf1 Bf8 14.Ng3 g6 15.a4 Bg7 16.d5 Qb8
17.b3 c6 18.c4 bxc4 19.bxc4 a5 20.Rb1 Qc7 21.Ba3 c5 22.Ne2 Ba6 23.Bd3 Bh6
24.Nc3 Qd8 25.Nb5 Nb8 26.Nd2 Bc8 27.Nb3 Na6 28.Bc1 Bxc1 29.Nxc1 Nb4 30.Bf1 Qe7
31.Nd3 Rf8 32.g3 Nh5 33.Bg2 f5 34.Nc3 f4 35.g4 f3 36.gxh5 Qg5 {#R} 0-1

[Event "Ch Finland (team) 2001/02"]
[Site "masterchessopen.com Finland"]
[Round "9"]
[White "Saastamoinen Aarne (FIN)"]
[Black "Koskela Niina (FIN)"]
[Result "0-1"]
[WhiteElo "2169"]
[BlackElo "2310"]

1.e4 e5 2.Nf3 Nc6 3.Bb5 a6 4.Ba4 Nf6 5.O-O Be7 6.Re1 b5 7.Bb3 d6 8.c3 O-O 9.h3
Nb8 10.d4 Nbd7 11.Nbd2 Bb7 12.Bc2 Re8 13.b3 Bf8 14.a4 g6 15.Bb2 Bg7 16.d5 c6
17.dxc6 Bxc6 18.axb5 axb5 19.c4 b4 20.Nh2 Rxa1 21.Bxa1 h5 22.g3 Nc5 23.Bb2 Qd7
24.h4 Ra8 25.Qe2 Ra2 26.Rb1 Bh6 27.f3 Qa7 28.Kf1 Rxb2 29.Rxb2 Qa1+ 30.Rb1 Qc3
{#R} 0-1

[Event "It (cat.8)"]
[Site "masterchessopen.com Medellin (Colombia)"]
[Round "5"]
[White "Alzate Dario (COL)"]
[Black "Castro Oscar H (COL)"]
[Result "1-0"]
[WhiteElo "2421"]
[BlackElo "2365"]

1.e4 e5 2.Nf3 Nc6 3.Bb5 a6 4.Ba4 Nf6 5.O-O Be7 6.Re1 b5 7.Bb3 d6 8.c3 O-O 9.h3
Nb8 10.d4 Nbd7 11.Nbd2 Bb7 12.Bc2 Re8 13.a4 Bf8 14.Bd3 Qb8 15.Rb1 c6 16.b4 Qc7
17.Bb2 Rad8 18.Qc2 g6 19.c4 bxa4 20.c5 a3 21.Bxa3 exd4 22.Nxd4 Ne5 23.N2f3
dxc5 24.bxc5 Nxd3 25.Qxd3 a5 26.e5 Nd5 27.e6 Bg7 28.Ng5 f6 29.Nf7 Ra8 30.Nd6
Reb8 31.e7 Nxe7 32.Ne6 Qd7 33.Qb3 Nd5 34.Nf4 a4 35.Qc4 Bh6 36.Rxb7 Qxb7
37.Nxb7 Bxf4 38.Rd1 {#r} 1-0

[Event "It (cat.8)"]
[Site "masterchessopen.com Medellin (Colombia)"]
[Round "3"]
[White "Gamboa Nelson (COL)"]
[Black "Castro Oscar H (COL)"]
[Result "1-0"]
[WhiteElo "2363"]
[BlackElo "2365"]

1.e4 e5 2.Nf3 Nc6 3.Bb5 a6 4.Ba4 Nf6 5.O-O Be7 6.Re1 b5 7.Bb3 d6 8.c3 O-O 9.h3
Nb8 10.d4 Nbd7 11.Nbd2 Bb7 12.Bc2 Re8 13.Nf1 Bf8 14.Ng3 g6 15.Nh2 d5 16.dxe5
Nxe5 17.f4 Bc5+ 18.Kh1 Bf2 19.fxe5 Bxg3 20.exf6 Bxe1 21.Qxe1 dxe4 22.Be3 Qxf6
23.Ng4 Qc6 24.Qh4 Re6 25.Bb3 {#r} 1-0

[Event "Ch Spain (team) (juniors)"]
[Site "masterchessopen.com Mondariz (Spain)"]
[Round "6"]
[White "Fraga Castro Jose Carlos (ESP)"]
[Black "Garcia Rodriguez Vanessa (ESP)"]
[Result "1-0"]
[WhiteElo "2185"]
[BlackElo "2147"]

1.e4 e5 2.Nf3 Nc6 3.Bb5 a6 4.Ba4 Nf6 5.O-O Be7 6.Re1 b5 7.Bb3 O-O 8.h3 d6 9.c3
Nb8 10.d4 Nbd7 11.Nbd2 Bb7 12.Bc2 Re8 13.Nf1 Bf8 14.Ng3 g6 15.Bg5 Bg7 16.Qd2
c6 17.a4 Qc7 18.Bh6 d5 19.dxe5 Nxe4 20.Nxe4 dxe4 21.Bxg7 Kxg7 22.Rxe4 Nxe5
23.Nxe5 Rxe5 24.Qd4 f6 25.Rxe5 fxe5 26.Qc5 Rd8 27.axb5 Rd5 28.b6 Qd8 29.Qe3
Rb5 30.Rd1 Qe7 31.b4 Bc8 32.Ba4 Rd5 33.Rxd5 cxd5 34.Qc5 Qd8 35.Bc6 Be6 36.b7
Qb8 37.Qe7+ Bf7 38.Bxd5 {#r} 1-0

[Event "Ch Moscow"]
[Site "masterchessopen.com Moscow (Russia)"]
[Round "4"]
[White "Najer Evgeniy (RUS)"]
[Black "Korotylev Alexey (RUS)"]
[Result "1-0"]
[WhiteElo "2585"]
[BlackElo "2586"]

1.e4 e5 2.Nf3 Nc6 3.Bb5 a6 4.Ba4 Nf6 5.O-O Be7 6.Re1 b5 7.Bb3 d6 8.c3 O-O 9.h3
Nb8 10.d4 Nbd7 11.Nbd2 Bb7 12.Bc2 Re8 13.Nf1 Bf8 14.Ng3 g6 15.a4 c5 16.d5 c4
17.Bg5 h6 18.Be3 Nc5 19.Qd2 h5 20.Bg5 Bg7 21.Nh4 Ncd7 22.Nhf5 gxf5 23.Nxf5 Kh7
24.Nxd6 Rf8 25.Re3 Qb6 26.Nf5 Rg8 27.a5 Qc5 28.Rf3 Bf8 29.Re1 Re8 30.b4 cxb3
31.Bxb3 Qa3 32.Bc2 Qxa5 33.Bxf6 {#r} 1-0

[Event "It (open)"]
[Site "masterchessopen.com Santiago (Chile)"]
[Round "3"]
[White "Sepulveda Norman (CHI)"]
[Black "Diaz Arturo (CHI)"]
[Result "1-0"]
[WhiteElo "2055"]
[BlackElo "1995"]

1.e4 e5 2.Nf3 Nc6 3.Bb5 a6 4.Ba4 Nf6 5.O-O Be7 6.Re1 b5 7.Bb3 d6 8.c3 O-O 9.h3
Nb8 10.d4 Nbd7 11.Nbd2 c5 12.Nf1 Bb7 13.Ng3 g6 14.Bh6 Re8 15.Qd2 Qc7 16.Rad1
Rad8 17.d5 c4 18.Bc2 Nc5 19.Nf5 Bc8 20.N3h4 Kh8 21.Bg7+ Kg8 22.Qh6 Nh5 23.g4
gxf5 24.Nxf5 Bxf5 25.gxh5 Bg6 26.hxg6 fxg6 27.f4 exf4 28.e5 dxe5 29.Rxe5 Bd6
30.Bxg6 hxg6 31.Rg5 Re7 32.Bf6 Rh7 33.Qxg6+ {#r} 1-0

[Event "It (open)"]
[Site "masterchessopen.com Bad Wiessee (Germany)"]
[Date "2002.11.01"]
[Round "7"]
[White "Sandipan Chanda (IND)"]
[Black "Fischer Johann (AUT)"]
[Result "1-0"]
[WhiteElo "2464"]
[BlackElo "2233"]

1.e4 e5 2.Nf3 Nc6 3.Bb5 a6 4.Ba4 Nf6 5.O-O Be7 6.Re1 b5 7.Bb3 d6 8.c3 O-O 9.h3
Nb8 10.d4 Nbd7 11.Nbd2 Bb7 12.Bc2 Re8 13.Nf1 Bf8 14.Ng3 c5 15.d5 g6 16.Bg5 Nb6
17.Qc1 Bg7 18.Nh2 Bc8 19.Bd1 Qc7 20.Rf1 Kh8 21.f4 Ng8 22.fxe5 Bxe5 23.Bf4 Nc4
24.b3 Bxf4 25.Qxf4 Ne5 26.Nf3 Ra7 27.Nxe5 Rxe5 28.Bg4 Kg7 29.Bxc8 Qxc8 30.a4
Qb8 31.b4 cxb4 32.cxb4 bxa4 33.Rxa4 Qb5 34.Rfa1 Rc7 35.Kh2 h6 36.Rxa6 Qxb4
37.Rf1 Ree7 38.Ra8 {#r} 1-0

[Event "It (open)"]
[Site "masterchessopen.com Albacete (Spain)"]
[Round "8"]
[White "Herrera Irisberto (ESP)"]
[Black "Delchev Aleksander (BUL)"]
[Result "0-1"]
[WhiteElo "2442"]
[BlackElo "2601"]

1.e4 e5 2.Nf3 Nc6 3.Bb5 a6 4.Ba4 Nf6 5.O-O Be7 6.Re1 b5 7.Bb3 d6 8.c3 O-O 9.h3
Nb8 10.d4 Nbd7 11.Nbd2 Bb7 12.Bc2 c5 13.d5 c4 14.Nf1 Qc7 15.Ng3 Rfb8 16.Nf5
Bf8 17.Nh2 Nc5 18.Ng4 Ne8 19.Re3 Bc8 20.Rg3 Kh8 21.f4 a5 22.a3 f6 23.Bd2 Bxf5
24.exf5 Qf7 25.Qf3 Nc7 26.Ne3 a4 27.Rd1 Re8 28.fxe5 dxe5 29.Be4 Nxe4 30.Qxe4
Na6 31.h4 Nc5 32.Qg4 Nd3 33.h5 Bc5 {#R} 0-1